Catálogo Biblioteca Central

La «carga» de trabajo en la Administración de justicia : (Registro nro. 232519)

Detalles MARC
000 -CABECERA
campo de control de longitud fija 00965naa a22002297i 4500
001 - NÚMERO DE CONTROL
campo de control 232519
003 - IDENTIFICADOR DEL NÚMERO DE CONTROL
campo de control ES-MaBCM
005 - FECHA Y HORA DE LA ÚLTIMA TRANSACCIÓN
campo de control 20260226140653.0
008 - CÓDIGOS DE INFORMACIÓN DE LONGITUD FIJA
campo de control de longitud fija 260226s2026 sp ||||| |||| 00| 0 spa d
040 ## - FUENTE DE LA CATALOGACIÓN
Centro transcriptor ES-MaBCM
100 1# - PUNTO DE ACCESO PRINCIPAL - NOMBRE DE PERSONA
Nombre de persona Escudero Moratalla, José Francisco
9 (RLIN) 14352
245 04 - MENCIÓN DE TÍTULO
Título La «carga» de trabajo en la Administración de justicia :
Resto del título de la «celularidad» (juzgado) a la «capilaridad» (tribunal de instancia) : reflexiones
Mención de responsabilidad etc. José Francisco Escudero Moratalla, Daniel Corchete Figueras, Sonia Alarcón Casermeiro
504 ## - NOTA DE BIBLIOGRAFÍA, ETC.
Nota de bibliografía etc. Incluye referencias bibliográficas
504 ## - NOTA DE BIBLIOGRAFÍA, ETC.
Nota de bibliografía etc. Incluye bibliografía
650 #7 - PUNTO DE ACCESO ADICIONAL DE MATERIA--TÉRMINO DE MATERIA
Término de materia o nombre geográfico como elemento inicial Condición de trabajo
9 (RLIN) 58033
650 #7 - PUNTO DE ACCESO ADICIONAL DE MATERIA--TÉRMINO DE MATERIA
Término de materia o nombre geográfico como elemento inicial Funcionario
9 (RLIN) 58755
650 #7 - PUNTO DE ACCESO ADICIONAL DE MATERIA--TÉRMINO DE MATERIA
Término de materia o nombre geográfico como elemento inicial Sistema judicial
9 (RLIN) 57452
700 1# - PUNTO DE ACCESO ADICIONAL--NOMBRE DE PERSONA
Nombre de persona Corchete Figueras, Daniel
9 (RLIN) 126065
700 1# - PUNTO DE ACCESO ADICIONAL--NOMBRE DE PERSONA
Nombre de persona Alarcón Casermeiro, Sonia
9 (RLIN) 129945
773 0# - ENLACE AL DOCUMENTO FUENTE
Lugar editor y fecha de publicación Las Rozas, Madrid
Parte(s) relacionada(s) N. 10893 (26 de febrero de 2026) - Loc. En línea
Título Diario La Ley
Número de control del registro relacionado 213918
942 ## - ELEMENTOS DE PUNTO DE ACCESO ADICIONAL (KOHA)
Fuente del sistema de clasificación o colocación Universal Decimal Classification
Tipo de ítem Koha Artículos de revistas
Existencias
Estado de retiro Estado de pérdida Fuente del sistema de clasificación o colocación Estado dañado No para préstamo Localización permanente Ubicación/localización actual Ubicación en estantería Fecha de adquisición Total de préstamos Fecha visto por última vez Precio válido a partir de Tipo de ítem Koha
    Universal Decimal Classification     Biblioteca Central del Ministerio de la Presidencia Biblioteca Central del Ministerio de la Presidencia Sala 26/02/2026   26/02/2026 26/02/2026 Artículos de revistas